000 00469nam a2200181Ia 4500
003 GCL
008 140319s9999 xx 000 0 eng d
040 _aGCL /
_cGCL
082 0 4 _a693.5
_bS C
100 1 _aSHETTY, M.S
245 1 0 _aCONCRETE TECHNOLOGY /
_cSHETTY, M.S
260 _a[S.N] :
_bS. CHAND & COMPANY LTD ،
_c1993
300 _a637 P
650 0 4 _aالتحليل الرياضى
650 0 4 _aCIVIL ENGINEERING
650 0 4 _aCONCRETE
942 _2ddc
_cBK
999 _c19768
_d19768